[Event "EICC 2017"]
[Site "Minsk"]
[Date "2017.06.06"]
[Round "7"]
[White "Kovalev, Vladislav"]
[Black "Blomqvist, Erik"]
[Result "0-1"]
[WhiteElo "2629"]
[BlackElo "2546"]
[Annotator "TA"]
[PlyCount "112"]
[EventDate "2017.??.??"]
[EventCountry "BLR"]

{[%evp 9,112,-4,0,0,0,0,0,0,0,0,0,0,0,0,0,0,0,-15,21,22,21,0,25,15,24,18,23,0,33,1,2,-41,-41,-54,-64,-102,-82,-51,-28,-118,-108,-331,-341,-339,-339,-345,-345,-344,-332,-317,-270,-277,-269,-279,-275,-267,-276,-271,-259,-239,-127,-150,-120,-176,-180,-183,-172,-245,-252,-234,-264,-260,-210,-219,-202,-227,-220,-220,-215,-291,-285,-292,-265,-272,-249,-272,-272,-266,-258,-424,-416,-399,-399,-695,-895,-801,-750,-1187,-1148,-1166,-1004,-719,-957,-12843,-12843]} 1. e4 c5 2. d3 d5 3. Be2 e6 4. f4 Nc6 5. Nf3 dxe4 6. dxe4 {B21: Sicilian: 2 f4 and Morra Gambit} Qxd1+ 7. Bxd1 b6 8. Be3 {The position is equal.} Bb7 9. Nbd2 Nf6 10. c3 Bd6 $146 ({Predecessor:} 10... Be7 11. h3 h6 12. O-O O-O-O 13. Ba4 {½-½ (25) Balashov,Y (2555)-Boensch,U (2575) Trnava 1988}) 11. h3 Bc7 12. Bc2 O-O-O 13. O-O-O Ne7 14. g3 h6 15. a3 Rhf8 (15... Nh5 $5 {[%cal Rh5g3]}) 16. Rhg1 Kb8 17. b4 Nd7 18. Kb2 f5 19. Rge1 g5 20. fxg5 fxe4 21. Ng1 Bxg3 22. gxh6 Bxe1 23. Rxe1 Ne5 24. Bg5 (24. bxc5 $11 Nd3+ 25. Bxd3 Rxd3 26. Kc2) 24... Rf2 $17 {Strongly threatening ...Nf7.} 25. Re2 $2 (25. Ne2 $17) 25... Rxe2 $1 $19 26. Nxe2 Nf7 $1 {[%cal Rf7g5]} 27. Bxe7 Rxd2 28. Ng3 e3 ({Worse is} 28... Nxh6 29. Bg5 $11) 29. Kc1 Rh2 ({Much less strong is} 29... Nxh6 30. Bg5 $19) 30. h7 e2 31. Nxe2 Rxe2 32. Bg6 Be4 33. Bxf7 Bxh7 34. bxc5 {[%mdl 4096] Endgame KRB-KB} b5 ({Better is} 34... Rc2+ $19 35. Kd1 Rxc3) 35. Be8 Be4 36. Bxb5 (36. Bf6 $17 {was necessary.}) 36... Rc2+ 37. Kd1 {With the idea Bd6+.} Rxc3 38. c6 (38. Bd6+ $142 Kb7 39. h4) 38... Kc7 39. Bb4 Rxh3 40. Ba5+ Kd6 41. Bb4+ {[#]} Ke5 $1 42. Kd2 Rh7 43. Ke3 {[#]} Kd5 $1 44. Ba4 Bf5 45. Kf4 Rg7 46. Bb5 Bc2 47. Bc3 {[#]} e5+ $1 48. Ke3 (48. Bxe5 Rf7+) 48... Bf5 49. Ba6 $2 (49. Be1) 49... Rg3+ 50. Kd2 Rg2+ 51. Kd1 $2 (51. Ke3) 51... Rc2 {Black is clearly winning.} 52. Bd2 Kxc6 53. a4 Ra2 54. Bb5+ Kd5 55. Kc1 Kd4 56. Bg5 Kc3 {Precision: White = 37%, Black = 82%.} 0-1

[Event "EICC 2017"]
[Site "Minsk"]
[Date "2017.06.06"]
[Round "7"]
[White "Kobalia, Mikhail"]
[Black "Soffer, Ram"]
[Result "1/2-1/2"]
[WhiteElo "2624"]
[BlackElo "2508"]
[Annotator "TA"]
[PlyCount "192"]
[EventDate "2017.??.??"]
[EventCountry "BLR"]

{[%evp 23,191,10,9,6,6,0,22,10,15,0,0,0,20,15,28,21,18,25,27,-11,-4,-12,13,12,29,0,20,13,37,35,51,41,49,27,66,66,65,55,80,88,92,83,125,128,119,122,199,162,164,152,164,155,206,190,203,179,177,176,176,175,173,174,163,169,219,219,219,219,219,219,219,201,184,120,120,120,120,0,120,120,120,120,120,120,120,0,120,120,120,120,1135,1135,1135,1135,1135,1135,1135,1135,1135,219,219,0,1135,1135,1135,1135,1135,1135,1135,1135,1135,1135,1135,1135,1135,1135,1135,1135,1135,1135,1135,1135,1135,1135,1135,1135,1135,118,1135,1135,1135,1135,1135,1135,1135,1135,1135,1135,1135,1135,1142,219,219,219,219,219,1142,1142,418,0,418,0,418,1243,1246,0,1253,0,1253,1252,3577,3521,3570,3577,3365,0,3632,125,3618,0]} 1. e4 e5 2. Nf3 Nc6 3. Bc4 Nf6 4. d3 Be7 5. O-O O-O 6. Re1 d6 7. a4 Na5 8. Ba2 {C55: Two Knights: 4 d3, 4 d4 exd4 5 e5 and Max Lange Attack} c5 9. Nc3 (9. Nbd2 Be6 10. Bxe6 fxe6 11. c3 Nc6 12. Nf1 Ne8 13. Ng3 Nc7 14. Bd2 a6 15. Qe2 Qd7 {1-0 (39) Carlsen,M (2840)-Pavasovic,D (2548) chess.com INT 2017}) 9... Nc6 10. Nd5 Nxd5 11. Bxd5 Be6 12. c3 Qd7 {LiveBook: 3 Games} 13. Qb3 Bf6 14. Be3 $146 ({Predecessor:} 14. Ng5 Bxg5 15. Bxg5 Bxd5 16. exd5 {1-0 (69) Erdogdu,M (2434)-Salepci,O (2154) Konya 2011}) 14... Rfe8 15. Nd2 Rab8 16. Qa2 b6 17. Rab1 Ne7 18. Bxe6 Qxe6 19. Qxe6 fxe6 20. b4 cxb4 21. Rxb4 Rec8 22. c4 Nc6 23. Rb5 Kf7 24. Reb1 Bd8 25. g3 Bc7 26. Kg2 Ke7 27. h4 {[%cal Bh2h4,Bh4h5][%mdl 32]} Kd7 28. h5 h6 29. f4 Rf8 30. Nf3 exf4 31. gxf4 Ne7 32. Kf2 d5 33. cxd5 exd5 34. f5 $1 (34. exd5 Bxf4 35. Ke2 Bxe3 $17) 34... a6 (34... Rbe8 $16) 35. R5b2 Nxf5 36. exf5 Rxf5 37. Rh1 b5 (37... Be5 $16 {was called for.} 38. Rb4 b5 39. axb5 Rxb5) 38. axb5 $18 axb5 39. Rb4 Ra8 {...Ra2+ is the strong threat.} 40. Bd4 Ra2+ 41. Rb2 Ra4 {White must now prevent ...Rxd4.} 42. Rh4 ({Not} 42. Bxg7 Rg4 $11) 42... Bd8 43. Rg4 Bf6 {[#]} 44. Kg3 $1 {And now Bxf6 would win.} Rxf3+ 45. Kxf3 Rxd4 46. Rxd4 ({Weaker is} 46. Rxb5 Rxd3+ 47. Ke2 Kc6 $14) 46... Bxd4 47. Rxb5 {[%mdl 4096] Endgame KR-KB} Ke6 {[#]} 48. Kf4 (48. Rb4 $1 $18 {[%cal Rb4d4]} Bf6 49. Ra4) 48... Be5+ $16 49. Ke3 Bf6 50. Kf4 (50. d4 $16) 50... Bg5+ (50... Be5+ $11 51. Ke3 Bf6) 51. Kg4 Ke5 52. Rb4 Bf6 53. Ra4 Bg5 54. Rb4 Bf6 $1 55. Rf4 Bg5 56. d4+ Ke6 $2 {[%mdl 8192]} (56... Kd6 $16 57. Rf1 Bf6) 57. Rf1 Bf6 58. Rd1 Ke7 59. Kf5 Kf7 60. Rd3 Ke7 61. Re3+ $2 (61. Ra3 Bxd4 62. Rd3) 61... Kf7 $18 62. Rd3 $2 (62. Ra3 Bxd4 63. Rd3) 62... Ke7 $1 63. Kg6 Ke6 64. Rd2 Ke7 65. Ra2 Bxd4 66. Rd2 Ba1 67. Rxd5 Ke8 68. Ra5 Bb2 69. Ra7 Kf8 70. Rf7+ Ke8 71. Rb7 Ba1 72. Kh7 Kf8 73. Rb3 Kf7 74. Rf3+ Bf6 75. Rf1 $2 (75. Re3 $18 Bd4 76. Re4) 75... Kf8 $2 {[%mdl 8192]} (75... Ke6 $16 76. Kg6 Bc3) 76. Kg6 Ke7 77. Rb1 Bc3 78. Kf5 Kf7 79. Rb7+ Kf8 80. Ra7 Bb2 81. Ra8+ Kf7 82. Kf4 $2 (82. Ra6 Ke7 83. Re6+ Kd7 84. Rg6) 82... Bc1+ 83. Ke4 Bb2 84. Kf5 Bc3 $2 (84... g6+ 85. hxg6+ Kg7 86. Ra7+ Kg8) 85. Ra7+ Kf8 86. Kg6 Bb2 87. Rf7+ Ke8 88. Rf2 (88. Rc7 $142 Bd4 89. Rf7) 88... Bf6 89. Rf1 Ke7 90. Kh7 Kf8 $1 91. Rb1 Bc3 92. Rb8+ Kf7 93. Rb7+ Kf8 94. Rb8+ Kf7 95. Rg8 $2 (95. Rc8 $18 {is more deadly.} Be5 96. Rc6) 95... Ba1 $2 {[%mdl 8192]} (95... Bb2 $16 96. Rb8 Be5 97. Rb7+ Ke6) 96. Rxg7+ (96. Ra8 $142 Bd4 97. Ra4) 96... Bxg7 {Precision: White = 43%, Black = 44%.} 1/2-1/2

[Event "EICC 2017"]
[Site "Minsk"]
[Date "2017.06.06"]
[Round "7"]
[White "Fedorchuk, Sergey A"]
[Black "Godena, Michele"]
[Result "1/2-1/2"]
[WhiteElo "2621"]
[BlackElo "2506"]
[Annotator "TA"]
[PlyCount "86"]
[EventDate "2017.??.??"]
[EventCountry "BLR"]
[SourceTitle "playchess.com"]
[Source "ChessBase"]
[SourceQuality "1"]

{[%evp 20,86,23,14,24,13,19,0,0,0,0,0,0,0,0,0,0,-25,0,-112,-117,-159,-159,-152,-152,-156,-153,-200,-202,-202,-202,-220,-214,-211,-172,-195,-189,-215,-118,-127,-108,-117,0,0,0,0,0,0,0,0,0,0,0,0,0,0,0,0,0,0,0,0,0,0,0,0,0,0,0]} 1. e4 e5 2. Nf3 Nc6 3. Bb5 Bc5 4. O-O Nd4 5. Nxd4 Bxd4 6. c3 Bb6 7. Na3 c6 8. Ba4 Nf6 9. d4 d6 10. Nc4 Bc7 {C64: Ruy Lopez: Classical Defence (3...Bc5) except 4 0-0 Nf6} 11. Bc2 {LiveBook: 9 Games} Be6 12. Ne3 O-O 13. f4 (13. Qf3 Re8 14. Rd1 Qe7 15. dxe5 dxe5 16. Nf5 Bxf5 17. Qxf5 g6 18. Qf3 {1-0 (33) Anand,V (2788)-Tkachiev,V (2642) Moscow 2009}) 13... exf4 14. Rxf4 d5 15. e5 Ne4 $1 16. Qh5 $146 ({Predecessor:} 16. Bxe4 dxe4 17. Rxe4 f6 18. Qh5 {0-1 (42) Savinykh,S (2173)-Dvinskikh,L (2092) Kirov 2014}) 16... g6 $36 {[%mdl 2048] White is under pressure.} 17. Qh6 f6 18. Nc4 (18. Ng4 $5 {[%cal Rc2e4]} fxe5 19. Nxe5 $11) 18... fxe5 19. Rh4 {[#]} (19. Nxe5 $11 Bxe5 20. Rxf8+ Qxf8 21. Qxf8+ Rxf8 22. dxe5) 19... Rf7 $1 $17 {Threatens to win with ...exd4.} 20. Nxe5 Bxe5 21. dxe5 Qb6+ 22. Be3 Qxb2 23. Rc1 Nxc3 24. Bd3 Ne2+ 25. Bxe2 Qxe2 26. h3 Re8 27. a4 a5 28. Bd4 {[#]} Ref8 (28... Bf5 $1 $19 {Strongly threatening ...Be4.} 29. Kh2 Be4) 29. Kh2 Rg7 30. Rc5 Rf1 (30... Qd1 $17 31. Rc1 Qe2) 31. Rxa5 $11 {The position is equal.} Rh1+ 32. Kxh1 {Ra8+ would kill now.} Qe1+ 33. Kh2 {Intending Ra8+ and mate.} Qxa5 34. Rf4 c5 {[%cal Bc6c5,Bc5d4,Bd4d3][%mdl 32]} 35. Rf6 cxd4 36. Rxe6 {White wants to mate with Re8+.} Qxa4 {[%mdl 4096] Endgame KQR-KQR} 37. Qg5 {Threatening mate with Qd8+.} Rf7 38. Rd6 d3 39. e6 Qf4+ 40. Qxf4 Rxf4 41. Rxd5 {aiming for Rd8+.} ({Reject} 41. Rd8+ Kg7 $17) 41... Re4 42. Rd8+ Kg7 43. Rxd3 Rxe6 {Precision: White = 84%, Black = 67%.} 1/2-1/2

[Event "EICC 2017"]
[Site "Minsk"]
[Date "2017.06.06"]
[Round "7"]
[White "Popov, Ivan"]
[Black "Alonso Rosell, Alvar"]
[Result "1/2-1/2"]
[WhiteElo "2618"]
[BlackElo "2516"]
[Annotator "TA"]
[PlyCount "79"]
[EventDate "2017.??.??"]
[EventCountry "BLR"]
[SourceTitle "playchess.com"]
[Source "ChessBase"]
[SourceQuality "1"]

{[%evp 27,79,28,20,22,26,20,23,23,25,21,24,29,26,25,24,13,33,30,34,23,37,17,18,20,28,24,25,25,25,25,26,14,28,26,28,12,33,35,45,44,39,-107,36,12,53,23,67,47,35,18,35,0,0,0]} 1. e4 c6 2. d4 d5 3. Nc3 dxe4 4. Nxe4 Bf5 5. Ng3 Bg6 6. Nf3 e6 7. h4 h6 8. Ne5 Bh7 9. Bd3 Bxd3 10. Qxd3 Nd7 {B19: Classical Caro-Kann: 4...Bf5 main line} 11. Qe2 (11. f4 Be7 12. Bd2 Nxe5 13. fxe5 Bxh4 14. O-O-O Bxg3 15. Qxg3 Ne7 16. Bb4 Nf5 17. Qf4 g5 18. Qf2 {½-½ (43) Wei,Y (2706)-Giri,A (2773) Wijk aan Zee 2017}) 11... Ngf6 12. Bd2 c5 13. dxc5 Bxc5 14. Nxd7 Qxd7 {LiveBook: 3 Games} 15. O-O-O {[%cal Ba1d1,Bd1d4,Bd4c4,Bc4c7][%mdl 32] [#] aiming for Bxh6!} Qa4 16. Bc3 Be7 17. Rd4 Qc6 $1 18. Rc4 $146 ({Predecessor:} 18. Rhd1 O-O 19. Rc4 Qb6 {½-½ (43) Bubir,A (2240)-Koch,C (2209) IECG email 2001}) 18... Qa6 19. Rc7 Nd5 20. Qxa6 ({Don't go for} 20. Bxg7 $2 Qxe2 21. Nxe2 Rg8 $19) 20... bxa6 21. Rc4 O-O 22. Bd4 Rfd8 23. Ne2 Rd7 24. c3 Bd8 25. Rc6 a5 26. g3 Bb6 27. Bxb6 axb6 28. Rd1 Rdd8 29. Rd4 Rac8 30. Rdc4 Ne7 31. Rc7 Rxc7 32. Rxc7 $11 {[%mdl 4096] Endgame KRN-KRN} Nd5 33. Rb7 e5 34. Kd2 {[#]} (34. a3 $14 {keeps the upper hand.}) 34... Rd6 (34... Nf4+ $1 $17 35. Ke1 Nd3+ 36. Kf1 Nxb2 37. Rxb6 Rd1+ 38. Kg2 Rd2) 35. Nc1 a4 36. a3 b5 37. Ke2 Nb6 38. Nd3 f6 $1 39. f3 h5 40. Nc5 {Precision: White = 63%, Black = 69%.} 1/2-1/2

[Event "EICC 2017"]
[Site "Minsk"]
[Date "2017.06.06"]
[Round "7"]
[White "Kozul, Zdenko"]
[Black "Mamedov, Rauf"]
[Result "1/2-1/2"]
[WhiteElo "2617"]
[BlackElo "2689"]
[Annotator "TA"]
[PlyCount "85"]
[EventDate "2017.??.??"]
[EventCountry "BLR"]
[SourceTitle "playchess.com"]
[Source "ChessBase"]
[SourceQuality "1"]

{[%evp 20,85,8,7,16,0,13,8,0,0,11,12,12,10,5,4,4,6,5,6,4,8,8,3,8,9,8,8,8,6,18,0,0,0,0,0,0,0,0,0,0,0,0,0,0,0,0,0,0,0,6,0,6,0,6,6,6,6,6,0,0,0,0,0,0,0,0,0]} 1. d4 d5 2. c4 c6 3. Nf3 Nf6 4. Qb3 dxc4 5. Qxc4 Bg4 6. Nbd2 Nbd7 {D23: Queen's Gambit Accepted: 3 Nf3 Nf6 sidelines} 7. g3 e6 8. Bg2 Be7 (8... Bd6 9. Qb3 Nb6 10. Ne5 Bh5 11. Ndc4 Bxe5 12. dxe5 Nxc4 13. Qxc4 Qa5+ 14. Bd2 Qxe5 {1-0 (50) Ivanchuk,V (2747)-Dreev,A (2652) Doha 2016}) 9. Qb3 Qb6 10. O-O O-O 11. Nc4 {LiveBook: 47 Games. The position is equal.} Qa6 12. Bg5 h6 13. Bxf6 Bxf6 14. e3 {[#]} Rab8 $146 15. a4 c5 16. Nfe5 Nxe5 17. dxe5 Be2 18. Rfc1 Bxc4 19. Rxc4 Bxe5 20. Rxc5 Qd6 21. Rc4 b6 22. Rd1 Qe7 23. Qb5 Bd6 24. Rcd4 Rfd8 25. Be4 (25. Qc6 $5 {[%cal Rd4d6]} Be5 26. Rd7 $14) 25... a5 26. h4 Bc5 27. Rd7 Rxd7 28. Rxd7 Qf6 29. h5 Rd8 30. b3 (30. Rxd8+ {is more complex.} Qxd8 31. Qe2 Qc7 32. Kg2 Qe5 33. Bf3) 30... Rxd7 31. Qxd7 Qe7 32. Qc6 Qd6 33. Qe8+ Qf8 34. Qb5 Qd8 35. Kg2 Kf8 36. Qc6 Qe8 37. Qc7 Qe7 38. Qb8+ Qe8 39. Qf4 Qd7 40. g4 Qd6 41. Qf3 Ke7 42. Qe2 Qe5 43. Qd3 {Precision: White = 58%, Black = 76%.} 1/2-1/2

[Event "EICC 2017"]
[Site "Minsk"]
[Date "2017.06.06"]
[Round "7"]
[White "Tomczak, Jacek"]
[Black "Salomon, Johan"]
[Result "1/2-1/2"]
[WhiteElo "2615"]
[BlackElo "2501"]
[Annotator "TA"]
[PlyCount "111"]
[EventDate "2017.??.??"]
[EventCountry "BLR"]
[SourceTitle "playchess.com"]
[Source "ChessBase"]
[SourceQuality "1"]

{[%evp 13,111,-12,0,0,0,0,0,-30,-6,-12,25,0,35,25,25,16,32,-30,27,15,19,0,0,0,0,0,18,10,37,43,41,0,0,0,8,-12,-12,-16,-16,-27,-23,-29,0,-62,-11,-9,-12,-11,-20,-15,-6,-13,0,0,0,0,0,0,0,0,0,0,0,-20,0,0,181,178,176,184,173,8,8,0,0,0,0,0,83,0,0,0,0,0,0,0,0,0,0,0,0,0,0,0,0,0,0,0,0,0]} 1. e4 e5 2. Nf3 Nc6 3. d4 exd4 4. Nxd4 Qf6 5. Nxc6 Bc5 6. f4 dxc6 {C45: Scotch Game} 7. Nc3 Nh6 {[%cal Bg8h6,Bh6g4,Bg4e5][%mdl 32] LiveBook: 3 Games. Hoping for ...Ng4.} 8. f5 $1 Bd4 (8... Bd7 9. Qf3 O-O-O 10. Bd2 Qe7 11. O-O-O f6 12. Bc4 Kb8 13. Qg3 Bd6 14. Bf4 Bxf4+ 15. Qxf4 {1-0 (40) Nepomniachtchi,I (2720)-Bruzon Batista,L (2677) Havana 2015}) 9. Qf3 Ng4 $1 {[%cal Rg4f2]} 10. Nd1 $146 ({Predecessor:} 10. Be2 g6 11. Bf4 gxf5 12. O-O-O Rg8 13. exf5 Bxf5 14. Bxc7 {1-0 (41) Kazakhov,M (1925)-Cornacchini,G (1231) IECG email 2001}) 10... Ne5 11. Qg3 h6 12. Bf4 {Threatens to win with c3.} g5 13. fxg6 Nxg6 14. Bxc7 Be6 15. Bd3 (15. Nc3 $14) 15... Be5 ({Better is} 15... h5) 16. Bxe5 $11 Nxe5 17. Rf1 Qg5 18. Qxg5 hxg5 19. h3 Rd8 20. Nf2 Ke7 21. Be2 Rdg8 22. g4 a5 23. a4 c5 24. Ra3 Rd8 25. Rc3 b6 26. Bb5 Rd4 27. b3 c4 28. Ke2 (28. bxc4 $1 $11 Bxc4 29. Rxc4 $1 {[%mdl 512]} Rxc4 30. Bxc4 Nxc4 31. Ke2) 28... Rhd8 (28... cxb3 $15 29. cxb3 Rb4) 29. Ke3 cxb3 30. cxb3 Rb4 31. Rb1 Kf6 32. Bd3 Rdd4 33. Bc2 Rd8 34. Rf1 {Nd3+ is the strong threat.} (34. Bd3 $5) 34... Ke7 35. Rd1 Rb8 36. Rc7+ Kf6 37. Rf1 Kg7 38. Rb1 b5 {And now ...bxa4 would win.} 39. Rc5 bxa4 $2 (39... f6 $11 {and Black stays safe.} 40. Rc7+ Kg8) 40. Rxe5 $18 axb3 41. Bd3 ({Not} 41. Rxg5+ Kf6 $11) 41... Ra8 {[#]} 42. Rxg5+ $2 ({White has to play} 42. Bb5 $1 $18 f6 43. Rc5 (43. Rxe6 Rxb5 44. e5 a4 $14)) 42... Kf6 $11 43. Rb5 Rxb5 44. Bxb5 {aiming for Ba4.} a4 45. Bc6 Ra5 (45... Ra7 $11) 46. Bxa4 (46. Kd4 $16) 46... Rxa4 $16 {[%mdl 4096] Endgame KRB-KRN. The position is equal.} 47. Nd3 Ra2 48. Kf4 Rc2 49. h4 Rh2 50. Kg3 Rc2 51. g5+ Kg7 52. Kf4 Rh2 53. Ke5 Rxh4 54. Nc5 Bc8 55. Rxb3 Rg4 56. Rb8 {Precision: White = 55%, Black = 46%.} 1/2-1/2

[Event "EICC 2017"]
[Site "Minsk"]
[Date "2017.06.06"]
[Round "7"]
[White "Erdos, Viktor"]
[Black "Artemiev, Vladislav"]
[Result "1/2-1/2"]
[WhiteElo "2614"]
[BlackElo "2682"]
[Annotator "TA"]
[PlyCount "57"]
[EventDate "2017.??.??"]
[EventCountry "BLR"]
[SourceTitle "playchess.com"]
[Source "ChessBase"]
[SourceQuality "1"]

{[%evp 23,57,24,33,19,18,17,24,18,13,16,19,0,0,0,9,5,0,0,54,-44,68,70,66,55,65,52,112,65,135,124,212,194,218,130,354,91]} 1. Nf3 d5 2. d4 Nf6 3. c4 c6 4. Nc3 a6 5. cxd5 cxd5 6. Bf4 Nc6 7. e3 Bg4 8. h3 Bxf3 9. Qxf3 e6 10. Bd3 Be7 11. O-O O-O 12. Rac1 Rc8 13. Rfd1 {D13: Slav Defence: Exchange variation without ...Bf5} Nd7 (13... b5 14. Qe2 Nb4 15. Bb1 Nd7 16. a3 Nc6 17. e4 Nb6 18. exd5 Nxd5 19. Nxd5 Qxd5 20. Be4 Qd7 {1-0 (35) Nikolic,P (2655)-Shirov,A (2690) Monte Carlo 1997}) 14. Bb1 (14. a3 {is more complex.} Nb6 15. Qg3 Bf6 16. Qg4 g6 17. Qe2) 14... Nb6 15. e4 {White has an edge.} g6 {[%cal Bg7g6,Bg6g5][%mdl 32]} 16. g3 $146 ({Predecessor:} 16. exd5 exd5 17. a3 Qd7 18. Ba2 Rfd8 19. Bh6 f5 20. Qf4 Kh8 {0-1 (36) Nguyen Thi Mai,H (2266)-Gomez,J (2527) Ho Chi Minh City 2011}) 16... Bf6 17. e5 Bg7 18. Qg4 f5 19. Qe2 g5 20. Be3 Rc7 ({Black should play} 20... Nc4 $11) 21. f3 (21. f4 $14) 21... h5 (21... f4 $1 $15 22. gxf4 gxf4) 22. b3 Bh6 23. Kh1 Rg7 24. Rg1 Qe8 (24... Kf7 $14) 25. Rcf1 Ne7 ({Black should try} 25... Kf7 $14) 26. Qd2 Rff7 {[#]} (26... Nc6 $16) 27. Ne2 $1 $18 Qf8 {[#]} 28. Qb4 (28. h4 $1 $18 {[%cal Rh4g5]} f4 29. gxf4 gxf4 30. Rxg7+ Kxg7 31. Qc2) 28... Nbc8 $2 (28... Qd8 $16 {was necessary.}) 29. Bd2 $2 {Precision: White = 56%, Black = 30%.} (29. Qxb7 $18 a5 30. Rc1) 1/2-1/2

[Event "EICC 2017"]
[Site "Minsk"]
[Date "2017.06.06"]
[Round "7"]
[White "Alekseev, Evgeny"]
[Black "Potapov, Pavel"]
[Result "1-0"]
[WhiteElo "2610"]
[BlackElo "2497"]
[Annotator "TA"]
[PlyCount "75"]
[EventDate "2017.??.??"]
[EventCountry "BLR"]
[SourceTitle "playchess.com"]
[Source "ChessBase"]
[SourceQuality "1"]

{[%evp 14,75,54,44,66,54,76,80,79,81,87,63,72,57,48,42,42,29,38,39,32,32,29,27,26,32,57,50,47,41,62,53,61,66,47,53,114,112,114,97,112,110,116,124,116,125,148,142,129,138,144,123,372,255,287,279,403,401,376,286,587,587,731,729]} 1. e4 g6 2. d4 Bg7 3. Nf3 d6 4. Bd3 Nf6 5. O-O O-O 6. Re1 Nc6 {B07: Pirc Defence: Miscellaneous Systems} 7. d5 Nb8 8. h3 {LiveBook: 4 Games} e5 {White is slightly better.} 9. c4 b6 $146 ({Predecessor:} 9... a5 10. Nc3 Na6 11. Rb1 Nc5 12. Bc2 c6 13. Be3 cxd5 14. cxd5 {½-½ (42) Alekseev,E (2636)-Levin,E (2505) St Petersburg 2016}) 10. Nc3 h6 11. Be3 Nh5 12. Bf1 Nf4 13. Kh2 g5 14. g3 Ng6 15. Nd2 f5 16. exf5 $1 Bxf5 17. Nde4 Nd7 18. b4 Nf6 19. Bg2 Nxe4 20. Nxe4 Ne7 21. c5 Bg6 22. Rc1 Nf5 23. cxd6 cxd6 24. Rc6 Nxe3 (24... Qe7 $14) 25. fxe3 $16 Bxe4 26. Bxe4 Rf2+ 27. Kg1 Qf6 ({Avoid the trap} 27... Rxa2 $2 28. Qb3 $18) 28. Qg4 Rf8 29. Qe6+ Kh8 {( -> ...Rf1+)} 30. Qxf6 R8xf6 {[#]} 31. Rxd6 $1 {[%mdl 512]} Rxa2 (31... Rxd6 32. Kxf2) 32. Re6 Rf8 $2 (32... Rd2 $16 33. g4 (33. Rxe5 Rf1+ 34. Rxf1 Bxe5 $14) 33... Rxe6 34. dxe6 Rd8) 33. d6 {[%cal Bd5d6,Bd6d7][%mdl 32]} Rd2 {[#]} 34. Bc6 $1 Bf6 (34... e4 $142 35. d7 (35. Bxe4 Rf6 $14) 35... Bc3) 35. Rf1 $18 Kg7 36. d7 Rf7 $2 (36... e4 {is tougher.} 37. Rxe4 a5 38. bxa5 bxa5) 37. e4 Be7 38. Bd5 {Precision: White = 81%, Black = 40%.} 1-0

[Event "EICC 2017"]
[Site "Minsk"]
[Date "2017.06.06"]
[Round "7"]
[White "Parligras, Mircea-Emilian"]
[Black "Mindlin, Alon"]
[Result "1-0"]
[WhiteElo "2607"]
[BlackElo "2436"]
[Annotator "TA"]
[PlyCount "75"]
[EventDate "2017.??.??"]
[EventCountry "BLR"]
[SourceTitle "playchess.com"]
[Source "ChessBase"]
[SourceQuality "1"]

{[%evp 24,75,-17,-37,21,19,23,2,11,0,22,22,40,34,51,33,37,36,37,34,34,35,49,45,86,85,76,26,123,116,140,141,236,236,224,200,205,198,202,143,260,141,204,189,199,210,533,1023,871,743,12840,12839,29991,29992]} 1. d4 Nf6 2. Nf3 e6 3. Bf4 d5 4. e3 {[%cal Be2e3,Be3e4,Be4e5][%mdl 32]} c5 5. Nbd2 Nc6 6. c3 Bd6 7. Bg3 O-O 8. Bd3 b6 9. e4 {D02: 1 d4 d5 2 Nf3 sidelines, including 2...Nf6 3 g3 and 2...Nf6 3 Bf4} (9. Ne5 Bb7 10. O-O Qc7 11. f4 Ne7 12. Qb1 Qc8 13. Bh4 Nf5 14. Bxf5 exf5 15. Bxf6 gxf6 16. Nef3 Qe6 17. Re1 Ba6 18. Nh4 cxd4 19. exd4 {1-0 (28) Korobov,A (2692)-Dominguez Perez,L (2739) Doha 2016}) 9... Be7 10. e5 Nh5 11. Ng5 Bxg5 12. Qxh5 g6 13. Qe2 {[#] LiveBook: 3 Games} f5 $146 ({Black should play} 13... cxd4 $15 14. f4 Be7) ({Predecessor:} 13... cxd4 14. h4 Bxd2+ 15. Qxd2 dxc3 16. bxc3 d4 {1-0 (36) Van Foreest,J (2615)-Svane,R (2552) Germany 2016}) 14. f4 $11 Be7 15. Nf3 Bd7 16. Bf2 Rc8 (16... c4 $5 {[%cal Rc4d3]} 17. Bc2 b5 $11) 17. O-O Kg7 18. Kh1 Qe8 19. Rg1 cxd4 20. Nxd4 Nxd4 21. Bxd4 Bc5 22. g4 Bxd4 23. cxd4 Qe7 24. gxf5 exf5 25. Rg5 Be6 (25... Qb4 $11) 26. Rag1 $16 Kh8 27. h4 {[%cal Bh2h4,Bh4h5][%mdl 32]} Qg7 (27... Rg8 $16) 28. h5 $18 {[%cal Rh5g6]} Qh6 29. Qh2 {[%cal Rh5g6]} Bf7 30. R5g2 Rc6 31. Qg3 gxh5 (31... Be6 $16 {was worth a try.} 32. Qg5 Qxh5+ 33. Qxh5 gxh5) 32. Qh4 (32. Bxf5 $18 {aiming for e6.} Bg6 33. Bd7 (33. Bxg6 Rxg6 34. Qh3 Rxf4 $15)) 32... Bg6 {[#]} (32... Rg6 $16 {is a better defense.} 33. Rxg6 (33. Bxf5 Rxg2 34. Rxg2 Be8 $11) 33... Bxg6) 33. Rg5 $1 Qg7 34. Bxf5 $1 Qf7 $2 (34... Qe7 {is more resistant.} 35. Bb1 (35. Bxg6 Rxg6 36. b3 Qd8 $14) 35... h6 36. Bxg6 Rxg6 37. Rxh5 Qxh4+ 38. Rxh4 Kg7 39. Rxg6+ Kxg6) 35. Bxg6 Rxg6 36. f5 Rh6 37. e6 Qf6 38. Qg3 {Precision: White = 58%, Black = 15%.} 1-0

[Event "EICC 2017"]
[Site "Minsk"]
[Date "2017.06.06"]
[Round "7"]
[White "Rozum, Ivan"]
[Black "Lomasov, Semen"]
[Result "1/2-1/2"]
[WhiteElo "2606"]
[BlackElo "2493"]
[Annotator "TA"]
[PlyCount "64"]
[EventDate "2017.??.??"]
[EventCountry "BLR"]
[SourceTitle "playchess.com"]
[Source "ChessBase"]
[SourceQuality "1"]

{[%evp 23,64,-8,-8,-19,0,0,0,0,0,-9,-8,-10,-1,-9,-4,-28,-23,-23,-33,-29,-19,-40,-16,-41,-41,-45,-43,-49,0,0,0,-3,0,0,0,0,0,0,0,0,0,0,0]} 1. Nf3 Nf6 2. c4 c5 3. g3 Nc6 4. Bg2 d5 5. cxd5 Nxd5 6. d4 cxd4 7. Nxd4 Ndb4 8. Nxc6 Qxd1+ 9. Kxd1 Nxc6 10. Bxc6+ bxc6 11. Nc3 e5 12. Be3 {A30: Symmetrical English: Double Fianchetto and Hedgehog} Bb4 {LiveBook: 10 Games} 13. Ne4 (13. Kd2 Be6 14. Rhc1 O-O-O+ 15. Ke1 Kb7 16. f3 Rd5 17. a3 Bxc3+ 18. Rxc3 f6 19. Rac1 {½-½ (31) Tratar,M (2499)-Ruck,R (2579) Ljubljana 2012}) 13... Bf5 $146 ({Predecessor:} 13... Ba6 14. Bd2 O-O-O 15. Ke1 Bxd2+ 16. Nxd2 Rd5 17. Rc1 Kc7 18. Rc2 Rhd8 19. f3 f5 20. Rg1 Bb5 21. g4 f4 {½-½ (21) Robatsch,K (2400)-Jukic,M (2430) Austria 1990}) 14. f3 O-O-O+ 15. Kc2 Ba5 16. Rad1 Bb6 17. Bxb6 axb6 18. Kc3 {[#] Nd6+ is the strong threat.} Kc7 19. Nf2 Ra8 20. Ra1 Ra5 {Hoping for ...Rc5+.} 21. e4 Be6 22. b3 Rha8 23. Kb2 c5 {[%cal Bc6c5,Bc5c4][%mdl 32]} 24. Nd3 f6 25. Rhd1 c4 26. Nb4 {The position is equal.} Rb5 27. Kc3 cxb3 (27... h5 {feels hotter.} 28. f4 cxb3 29. axb3 Rc8 30. Ra4 Ra5) 28. axb3 Rxa1 29. Rxa1 Kb7 30. Rd1 Kc7 31. Ra1 Kb7 (31... Ra5 $5 {[%cal Ra5a1]} 32. Rd1 Ra8 $11) 32. Rd1 Kc7 {Precision: White = 53%, Black = 75%.} 1/2-1/2